| 000 | 00867cam a2200289 i 4500 | ||
|---|---|---|---|
| 001 | 75648 | ||
| 003 | BD-RjUL | ||
| 005 | 20211209082725.0 | ||
| 008 | 190508s1975 nyua b 001 0 eng | ||
| 020 | _a0470232692 | ||
| 035 | _a(BD-RjUL) | ||
| 040 |
_aDLC _cDLC _dDLC _beng |
||
| 041 | _aeng | ||
| 082 | 0 | 0 |
_a658.403 _223 _bEDM 1975 |
| 100 | 1 |
_aEden, Colin. _9231585 |
|
| 245 | 1 | 0 |
_aManagement decision and decision analysis / _cColin Eden and John Harris. |
| 260 |
_aNew York : _bWiley, _c[1975] |
||
| 300 |
_ax, 257 p. : _bill. ; _c23 cm. |
||
| 500 | _a"A Halsted Press book." | ||
| 504 | _aIncludes bibliographical references and index. | ||
| 650 | 0 |
_aDecision making. _9231586 |
|
| 700 | 1 |
_aHarris, John, _d1936- _9231587 |
|
| 906 |
_a7 _bcbc _corignew _d1 _eocip _f19 _gy-gencatlg |
||
| 942 |
_2ddc _cBK |
||
| 999 |
_c75648 _d75648 |
||